Lehrbuch der Botanik für Hochschulen, (Record no. 9278)

MARC details
000 -LEADER
fixed length control field 01323cam a22003251 4500
001 - CONTROL NUMBER
control field agr29000838
003 - CONTROL NUMBER IDENTIFIER
control field DLC
005 - DATE AND TIME OF LATEST TRANSACTION
control field 20260227110949.0
008 - FIXED-LENGTH DATA ELEMENTS--GENERAL INFORMATION
fixed length control field 880210s1928 gw a b 000 0 ger c
010 ## - LIBRARY OF CONGRESS CONTROL NUMBER
LC control number agr29000838
035 ## - SYSTEM CONTROL NUMBER
System control number (OCoLC)17459285
040 ## - CATALOGING SOURCE
Original cataloging agency Library, U.S. Dept. of Agriculture
Transcribing agency CU
Modifying agency CU
-- DLC
042 ## - AUTHENTICATION CODE
Authentication code premarc
050 00 - LIBRARY OF CONGRESS CALL NUMBER
Classification number QK45
Item number .S75 1928
070 0# - NATIONAL AGRICULTURAL LIBRARY CALL NUMBER
Classification number 463
Item number St8L
100 1# - MAIN ENTRY--PERSONAL NAME
Personal name Strasburger, Eduard,
Dates associated with a name 1844-1912.
245 00 - TITLE STATEMENT
Title Lehrbuch der Botanik für Hochschulen,
Statement of responsibility, etc. begründet 1894, von Eduard Strasburger, Fritz Noll, Heinrich Schenck, A.F. Wilhelm Schimper.
250 ## - EDITION STATEMENT
Edition statement 17., umgearb. Aufl.,
Remainder of edition statement bearb. von Dr. Hans Fitting ... Dr. Hermann Sierp ... Dr. Richard Harder ... [und] Dr. Georg Karsten ...
260 ## - PUBLICATION, DISTRIBUTION, ETC.
Place of publication, distribution, etc. Jena,
Name of publisher, distributor, etc. G. Fischer,
Date of publication, distribution, etc. 1928.
300 ## - PHYSICAL DESCRIPTION
Extent ix, 651, [1] p.
Other physical details illus. (part col.)
Dimensions 25 cm.
504 ## - BIBLIOGRAPHY, ETC. NOTE
Bibliography, etc. note "Literaturnachweise": p. [597]-618.
650 #0 - SUBJECT ADDED ENTRY--TOPICAL TERM
Topical term or geographic name entry element Botany.
700 1# - ADDED ENTRY--PERSONAL NAME
Personal name Noll, Fritz,
Dates associated with a name 1858-1908,
Relator term joint author.
700 1# - ADDED ENTRY--PERSONAL NAME
Personal name Schenck, H.
Fuller form of name (Heinrich),
Dates associated with a name 1860-1927,
Relator term joint author.
700 1# - ADDED ENTRY--PERSONAL NAME
Personal name Schimper, A. F. W.
Fuller form of name (Andreas Franz Wilhelm),
Dates associated with a name 1856-1901,
Relator term joint author.
700 1# - ADDED ENTRY--PERSONAL NAME
Personal name Fitting, Hans,
Dates associated with a name 1877-
Relator term ed.
700 1# - ADDED ENTRY--PERSONAL NAME
Personal name Sierp, Hermann,
Dates associated with a name 1885-
Relator term joint ed.
700 1# - ADDED ENTRY--PERSONAL NAME
Personal name Harder, Nikolaus Richard,
Dates associated with a name 1888-
Relator term joint ed.
700 1# - ADDED ENTRY--PERSONAL NAME
Personal name Karsten, Georg,
Dates associated with a name 1863-1937,
Relator term joint ed.

No items available.

Powered by Koha